000 00624nam a2200181Ia 4500
008 090124s9999 xx 000 0 und d
082 _b118063
100 _aअष्टीकर मंदाकिनी
245 _a मानसी भावपुष्प फुलले
250 _a1
260 _c1979
300 _a177
600 _aअष्टीकर मंदाकिनी
630 _a मानसी भावपुष्प फुलले
700 _aअष्टीकर मंदाकिनी
730 _a मानसी भावपुष्प फुलले
942 _cBOOK
999 _c164150
_d164150